000 00483nam a2200181Ia 4500
001 16674
005 20260306170327.0
008 260306t2012||||xx |||||||||||||| ||und||
041 _aESP
082 _a349.1
_bG72
100 _aGonzález-Varas Ibañez, Alejandro
_eAUT
245 0 _aEl Ius Commune y la formación de las instituciones de derecho público
260 _c2012
300 _a261 páginas :
_c21 cm.
650 _aGEN
654 _aCDE
942 _cLIB
_dJUS
_fJUS
_2ddc
_n
999 _c16674
_d16674